Szczegóły MARC21

Mitterrand et la réunification Allemande : une histoire secrète (1981-1995) /

005 -DATA I CZAS OSTATNIEJ MODYFIKACJI [,]
    • @
    • pole kontrolne
    • 20120615081812.0
020 -Międzynarod. znormalizowany nr książki - ISBN [ , ]
    • a
    • Numer ISBN
    • 224665711X Find
040 -Instytucja sporządzająca opis [ , ]
    • a
    • Instytucja, która sporządziła opis (NP)
    • SZCZ U/SA
    • c
    • Instytucja, która sporządziła rekord (NP)
    • SZCZ U/SA
    • d
    • Instytucja, która zmodyfikowała rekord (P)
    • SZCZ U/JŚ
041 -Język dokumentu [1, ]
    • a
    • Język tekstu (P)
    • francuski
    • h
    • Język tekstu oryginalnego i/lub pośredniego (P)
    • niemiecki
044 -Kraj miejsca wydania [ , ]
    • a
    • Kraj miejsca wydania
    • Francja
942 -Rodzaj dokumentu [ , ]
    • c
    • Rodzaj dokumentu
    • Książka
100 -Hasło główne - nazwa osobowa [1, ]
    • 9
    • KHW
    • 8353
    • a
    • Nazwa osobowa (NP)
    • Schabert, Tilo
    • d
    • Daty biograficzne (NP)
    • (1942- ).
245 -Strefa tytułu i oznaczenia odpowiedzialności [1,0]
    • a
    • Tytuł
    • Mitterrand et la réunification Allemande : Find
    • b
    • Ciąg dalszy tytułu (NP)
    • une histoire secrète (1981-1995) / Find
    • c
    • Pozostałe elementy strefy tytułu i oznaczenia odpowiedzialności (NP)
    • Tilo Schabert ; trad. de l'allemand par Olivier Mannoni.
246 -Wariant tytułu [1,0]
    • i
    • Tekst wyświetlany na ekranie monitora (NP)
    • Tyt. oryg.
    • a
    • Tytuł (NP)
    • Weltgeschichte Gemacht Wird Frankreich und die Deutsche Einheit
250 -Strefa wydania [ , ]
    • a
    • Oznaczenie wydania (NP)
    • Éd. rev. et augm.
260 -Strefa adresu wydawniczego [ , ]
    • a
    • Miejsce wydania (P)
    • Paris :
    • b
    • Nazwa wydawcy (P)
    • Bernard Grasset,
    • c
    • Data wydania (P)
    • cop. 2005.
300 -Strefa opisu fizycznego [ , ]
    • a
    • Określenie formy książki i/lub objętość (NP)
    • 594 s. ;
    • c
    • Format (NP)
    • 23 cm.
504 -Uwaga dot. bibliogr. załącznikowej [ , ]
    • a
    • Uwaga dot. bibliografii załącznikowej
    • Bibliogr. Ind.
080 -Uniwersalna Klasyfikacja Dziesiętna [ , ]
    • 2
    • Identyfikator wydania tablic
    • UDC-P058
    • 9
    • UKD
    • 2892
    • a
    • Symbol klasyfikacji
    • 327
    • b
    • Dopowiedzenie
    • Międzynarodowe stosunki polityczne. Polityka światowa. Polityka międzynarodowa. Polityka zagraniczna. Dyplomacja.
    • 4
    • UKD2
    • 7885
    • x
    • Poddział wspólny
    • (430)
    • c
    • Dopowiedzenie poddz. wspólnego
    • (Niemcy. Republika Federalna od 1990).
    • 4
    • UKD2
    • 8070
    • x
    • Poddział wspólny
    • (44)
    • c
    • Dopowiedzenie poddz. wspólnego
    • (Francja).
    • 4
    • UKD2
    • 7653
    • x
    • Poddział wspólny
    • =133.1
    • c
    • Dopowiedzenie poddz. wspólnego
    • =Język francuski.
980 -Symbol UKD [ , ]
    • a
    • UKD
    • 327(430:44)=133.1
700 -Hasło dodatkowe - nazwa osobowa [1, ]
    • 9
    • KHW
    • 12240
    • a
    • Nazwa osobowa (NP)
    • Mannoni, Olivier Find
    • d
    • Daty biograficzne (NP)
    • (1960- ).
    • e
    • Określenie rodzaju współpracy
    • Tł.
920 -ISBN [ , ]
    • a
    • ISBN
    • 2-246-65711-X Find
Sygnatura Numer inwentarzowy Status udost. Lokalizacja Data inwentaryzacji
FR. Polityka Francji 08A.85841BM2010-02-01